000 00697nam a2200241Ia 4500
003 OSt
005 20230327111415.0
008 210423s1996 xx 000 0 und d
020 _a333930010
040 _cAL
041 _aeng
082 _a332.1 JADN
100 _aJADHAV (Narendra),Ed
_978234
245 _aChallenges to Indian banking: competition globalisation and financial markets
250 _a2
260 _aNew Delhi
_bMacmillan India Ltd
_c1996
300 _axvii,442
_bHB
365 _b695
_cINR
650 _aBanking
_978235
650 _aEconomics
_978236
906 _abanking: ; Challenges ; competition ; financial ; globalisation ; Indian ; markets
942 _2ddc
_cBK
999 _c156079
_d156079